Statistiques concernant Culture Générale - Série 367

Cliquez ici pour prendre le quiz!

Statistiques générales

  • Ce quiz a été pris 250 fois
  • Le résultat moyen est 7 sur 10

Statistiques - réponses

QuestionRéponse% Correct
Quelle lettre est le nom de scène de Mathieu Chedid ?M
98%
Comment s'appelle le poisson-clown, héros de Disney ?Nemo
93%
Si votre banquier vous propose un PEL, il s'agit d'un plan épargne...Logement
85%
Quel est le nom du groupe comique de la fin des années 80 formé par Alain Chabat, Bruno Carette, Chantal Lauby et Dominique Farrugia ?Les Nuls
84%
Sous quel surnom connaît-on mieux le champion de golf américain Eldrick Woods ?Tiger
80%
Qui a été élu maire de Paris en 2001 puis réélu en 2008 ?Bertrand Delanoë
68%
A quel footballeur italien, Zinédine Zidane a-t-il asséné un coup de tête en finale de la Coupe du monde 2006 ?Marco Materazzi
57%
Quel tennisman détenait le record du nombre de victoires en tournois du grand chelem avant d'être détrôné par Roger Federer ?Pete Sampras
40%
Dans quelle ville Gil Grissom et son équipe d'experts enquêtent-ils?Las Vegas
38%
Quel est l'autre nom de la lotte de mer, ce grand poisson à grosse tête couverte d'épines ?La baudroie
23%

Distribution des résultats

Percentile par nombre de réponses

% des personnes avec chaque résultat

Votre développement - résultats

Vous n’avez pas pris ce quiz